000 01674nam a2200409 a 4500
001 dia_5487
003 CHAP
005 20260210134624.0
007 ta
008 220117s1990 mx ade f 001 0 spa d
040 _cCHAP
_amxchpua
090 _aT.C.111
_bC68 ETIPA
_c1990
245 1 0 _aProyecto para la instalación de un frigorífico para conservación de durazno en Ixtlan de Rio, Nayarit :
_bdiseño de una cámara frigorífica para la conservación de jugo concentrado de naranja /
_ccoordinador Ignacio Covarrubias Gutiérrez ; colaboradores Francisco Javier Pacheco Huizar.
260 _aMéxico :
_bEl autor,
_c1990
300 _a71 hojas :
_bilustraciones, tablas, gráficas, planos
336 _2rdacontent
_atexto
_btxt
337 _2rdamedia
_asin medio
_bn
338 _2rdacarrier
_avolumen
_bnc
500 _aGrado : 7° año Grupo : B
502 _aViaje de estudios
_b(ETIPA) --
_cUACh. Departamento de Ingeniería Agroindustrial,
_d1990
504 _aIncluye bibliografía
505 _a1 Plano : 1.Planta General, Distribución de áreas (Esc. 1:150)
650 1 3 _aJugo de naranja
_9158770
650 1 3 _aDurazno
_xMéxico
_xNayarit
_9158769
650 1 3 _aRefrigeración
_995611
650 1 0 _aPeaches
_xEconomic aspects
_zMexico
_zNayarit
_9158771
650 1 3 _aOrange juice
_9148872
650 1 3 _aRefrigeration
_9146930
700 1 _aCovarrubias Gutiérrez, Ignacio
_928697
_ecoordinador
700 1 _aPacheco Huizar, Francisco Javier
_9158772
901 _aT.C.111 C68 ETIPA 1990
902 _aM
905 _a5332271990 mx nma 8222223322spa16
942 _2local
942 _cVE
999 _c176415
_d176415